000 00280nam a2200109Ia 4500
005 20251222114353.0
008 251222s1900||||xx |||||||||||||| ||spa||
082 _aDVD0080/W73/2012
245 0 _aFor greater glory:The True Story of Cristiada
264 _bNewLand Films
942 _cDVD
999 _c1322
_d1322